[Event "Lleida Christmas op"]
[Site "Lleida"]
[Date "2022.12.28"]
[Round "4"]
[White "Luke Brezmes, Cristofer"]
[Black "Garcia Estruch, Jorge"]
[Result "1/2-1/2"]
[WhiteElo "2062"]
[BlackElo "1643"]
[PlyCount "68"]
[EventDate "2022.12.27"]
[EventType "swiss"]
[EventRounds "8"]
[EventCountry "ESP"]
[SourceTitle "CBM 212 Extra"]
[Source "ChessBase"]
[SourceDate "2023.03.31"]
[SourceVersion "1"]
[SourceVersionDate "2023.03.31"]
[SourceQuality "1"]

1. d4 Nf6 2. Bf4 d5 3. e3 e6 4. Bd3 Bd6 5. Nd2 Bxf4 6. exf4 Qd6 7. Ne2 0-0 8. c3 c5 9. dxc5 Qxc5 10. Nf3 Nc6 11. Ng3 e5 12. fxe5 Re8 13. 0-0 Nxe5 14. Nxe5 Rxe5 15. Qa4 Bd7 16. Qb3 Bc6 17. Nf5 Rae8 18. Nd4 Ne4 19. Qc2 Nf6 20. Qd2 Bd7 21. Rae1 a6 22. Rxe5 Rxe5 23. Qf4 Re8 24. f3 Qe7 25. Kf2 Nh5 26. Qd2 Qh4+ 27. Kg1 g6 28. f4 f5 29. c4 Qf6 30. Be2 Re4 31. Nb3 dxc4 32. Qxd7 Rxe2 33. Nd4 Re7 34. Qc8+ Kg7 1/2-1/2

[Event "Aragon-ch Seniors 50+"]
[Site "Zaragoza"]
[Date "2019.05.25"]
[Round "6"]
[White "Garcia Estruch, Jorge"]
[Black "Domingo Romance, Agustin"]
[Result "1/2-1/2"]
[WhiteElo "1807"]
[BlackElo "1709"]
[PlyCount "220"]
[EventDate "2019.04.27"]
[EventType "swiss"]
[EventRounds "8"]
[EventCountry "ESP"]
[SourceTitle "EXT 2020"]
[Source "ChessBase"]
[SourceDate "2019.10.17"]
[SourceVersion "1"]
[SourceVersionDate "2019.10.17"]
[SourceQuality "1"]

1. e4 e6 2. d4 d5 3. e5 c5 4. c3 cxd4 5. cxd4 Nc6 6. Nf3 Qb6 7. Nc3 Bd7 8. Be2 Rc8 9. 0-0 Na5 10. Bd2 Nc4 11. Bxc4 Rxc4 12. b3 Rc8 13. Rc1 Ne7 14. Re1 Nf5 15. Na4 Rxc1 16. Qxc1 Bxa4 17. bxa4 Qc6 18. Qb2 Be7 19. Rc1 Qd7 20. Qc2 0-0 21. a5 Re8 22. g4 Nh4 23. Nxh4 Bxh4 24. g5 f6 25. gxf6 gxf6 26. Qc7 Re7 27. Qxd7 Rxd7 28. Rc8+ Kf7 29. f4 f5 30. Bb4 Be7 31. a3 Bd8 32. Kg2 a6 33. Kg3 Ke8 34. Bd6 Rg7+ 35. Kf3 Rd7 36. Ke3 Kf7 37. Kd3 Kg6 38. Bb4 Kh5 39. Ke3 Kg4 40. Be1 Kh3 41. Kf3 h5 42. Bb4 Kxh2 43. Rc2+ Kh1 44. Rc1+ Kh2 45. Be1 h4 46. Rc2+ Kh3 47. Rc8 Kh2 48. Rc2+ Kh1 49. Rf2 Rg7 50. Rc2 Rg1 51. Bf2 Rg2 52. Rc1+ Kh2 53. Rc8 Bxa5 54. Rh8 h3 55. Rh6 Bd2 56. Rxe6 Bxf4 57. Rf6 Bc1 58. Rxf5 Bxa3 59. e6 Rg6 60. Re5 Be7 61. Be3 b5 62. Bf4+ Kh1 63. Bg3 Rf6+ 64. Kg4 Kg2 65. Re2+ Kf1 66. Rh2 Rxe6 67. Rh1+ Kg2 68. Rh2+ Kg1 69. Rxh3 Rg6+ 70. Kf3 Rf6+ 71. Kg4 b4 72. Be5 Rg6+ 73. Kf3 Rg2 74. Rh7 Bd8 75. Rd7 Bh4 76. Rc7 Be1 77. Rc1 Kf1 78. Ra1 b3 79. Rxa6 Rf2+ 80. Ke3 b2 81. Rb6 Bd2+ 82. Kd3 Bc1 83. Kc3 Rf3+ 84. Kc2 Rf2+ 85. Kb1 Ke2 86. Rf6 Rg2 87. Bf4 Kd1 88. Bd6 Ke2 89. Kc2 Ke3+ 90. Kb1 Kxd4 91. Bc7 Kc5 92. Bb8 d4 93. Ba7+ Kc4 94. Rc6+ Kd3 95. Rd6 Rg4 96. Rd7 Re4 97. Bb6 Kc3 98. Rc7+ Kd2 99. Ba5+ Kd1 100. Rh7 Ke2 101. Rh2+ Kd3 102. Rh3+ Re3 103. Rh2 Re2 104. Rh3+ Kc4 105. Rh4 Re1 106. Bxe1 Kd3 107. Bf2 Be3 108. Rh3 Ke2 109. Bxe3 dxe3 110. Kxb2 Kd2 1/2-1/2

[Event "Santa Eugenia op 12th"]
[Site "Santa Eugenia"]
[Date "2017.08.03"]
[Round "8"]
[White "Garcia Estruch, Jorge"]
[Black "Lazaro Pujol, Abel"]
[Result "0-1"]
[WhiteElo "1832"]
[BlackElo "1736"]
[PlyCount "98"]
[EventDate "2017.07.31"]
[EventType "swiss"]
[EventRounds "9"]
[EventCountry "ESP"]
[SourceTitle "CBM 179 Extra"]
[Source "ChessBase"]
[SourceDate "2017.08.23"]
[SourceVersion "1"]
[SourceVersionDate "2017.08.23"]
[SourceQuality "1"]

1. e4 e5 2. Nf3 Nc6 3. Bc4 Bc5 4. b4 Bxb4 5. c3 Ba5 6. d4 d6 7. dxe5 Bg4 8. exd6 Nf6 9. 0-0 0-0 10. Bf4 cxd6 11. Qd3 Bxf3 12. Qxf3 Ne5 13. Qe2 Nxc4 14. Qxc4 Rc8 15. Qd3 Re8 16. f3 d5 17. exd5 Nxd5 18. Bd2 Qb6+ 19. Kh1 Rcd8 20. Qc2 Re2 21. Qb3 Qg6 22. Rg1 Bb6 23. Qd1 Nxc3 24. Nxc3 Rexd2 25. Qb3 Bxg1 26. Rxg1 Qc2 27. Qc4 Qb2 28. Qc5 Rc2 29. Qe7 Rc8 30. Re1 Rc1 31. Nd1 Qb5 32. h4 h6 33. Kh2 Qd5 34. Nf2 Rxe1 35. Qxe1 Qxa2 36. Ng4 Qe6 37. Qb4 h5 38. Nf2 Qe5+ 39. Kh3 Qe6+ 40. Kh2 Rc4 41. Qd2 Rxh4+ 42. Kg3 Ra4 43. Qd8+ Kh7 44. Ne4 Qe5+ 45. Kh3 Ra1 46. g3 Qf5+ 47. Kh2 Ra2+ 48. Kg1 Qa5 49. Ng5+ Kg6 0-1

[Event "Aragon-ch Seniors-A"]
[Site "Zaragoza"]
[Date "2017.04.22"]
[Round "1"]
[White "Hernandez Calvera, Hernan Angel"]
[Black "Garcia Estruch, Jorge"]
[Result "0-1"]
[WhiteElo "1524"]
[BlackElo "1820"]
[PlyCount "60"]
[EventDate "2017.04.22"]
[EventType "swiss"]
[EventRounds "8"]
[EventCountry "ESP"]
[SourceTitle "EXT 2019"]
[Source "ChessBase"]
[SourceDate "2018.10.10"]
[SourceVersion "1"]
[SourceVersionDate "2018.10.10"]
[SourceQuality "1"]

1. e4 e5 2. Nf3 Nc6 3. Bb5 a6 4. Ba4 Nf6 5. 0-0 b5 6. Bb3 Be7 7. d3 0-0 8. c3 d6 9. Nbd2 Na5 10. Bc2 c5 11. Re1 Qc7 12. Nf1 Nc6 13. Ne3 Bd7 14. Nf5 Bxf5 15. exf5 Rad8 16. Qe2 Rfe8 17. Ng5 h6 18. Ne4 d5 19. Nxf6+ Bxf6 20. Qg4 Kf8 21. Qh5 Rd6 22. g4 Qd8 23. Kg2 Bg5 24. Rh1 Bxc1 25. Raxc1 e4 26. h4 Qf6 27. Rh3 Qe5 28. Re1 Qf4 29. Re2 g6 30. fxg6 fxg6 0-1

[Event "Aragon-chT Preferente A"]
[Site "Aragon"]
[Date "2016.03.19"]
[Round "8.39"]
[White "Echarte Buil, Oscar"]
[Black "Garcia Estruch, Jorge"]
[Result "1/2-1/2"]
[WhiteElo "2118"]
[BlackElo "1883"]
[PlyCount "67"]
[EventDate "2016.01.30"]
[EventType "team-tourn"]
[EventRounds "9"]
[EventCountry "ESP"]
[SourceTitle "EXT 2018"]
[Source "ChessBase"]
[SourceDate "2017.10.13"]
[SourceVersion "1"]
[SourceVersionDate "2017.10.13"]
[SourceQuality "1"]
[WhiteTeam "Palacio de Pioneros"]
[BlackTeam "Sabinanigo"]
[WhiteTeamCountry "ESP"]
[BlackTeamCountry "ESP"]

1. c4 e5 2. g3 f5 3. Bg2 Nf6 4. Nc3 d6 5. e3 g6 6. d4 Nbd7 7. Nge2 Bg7 8. dxe5 Nxe5 9. 0-0 0-0 10. b3 Kh8 11. Bb2 Rb8 12. Qd2 a6 13. f4 Ned7 14. e4 Qe7 15. exf5 gxf5 16. Nd4 Nb6 17. Rfe1 Qf7 18. Re2 Bd7 19. Rae1 Qg6 20. Ne6 Rf7 21. Nxc7 Bc6 22. Bxc6 bxc6 23. Qxd6 Bf8 24. Qxc6 Rc8 25. Qxb6 Rcxc7 26. Kh1 Kg8 27. Na4 Bg7 28. Nc5 h5 29. Ne6 Rce7 30. Nxg7 Rxe2 31. Rxe2 Qg4 32. Re6 Qd1+ 33. Qg1 Qf3+ 34. Qg2 1/2-1/2

[Event "Aragon-chT Preferente A"]
[Site "Aragon"]
[Date "2016.01.30"]
[Round "1.47"]
[White "Hernandez Delgado, Gabriel"]
[Black "Garcia Estruch, Jorge"]
[Result "0-1"]
[WhiteElo "1905"]
[BlackElo "1883"]
[PlyCount "96"]
[EventDate "2016.01.30"]
[EventType "team-tourn"]
[EventRounds "9"]
[EventCountry "ESP"]
[SourceTitle "EXT 2018"]
[Source "ChessBase"]
[SourceDate "2017.10.13"]
[SourceVersion "1"]
[SourceVersionDate "2017.10.13"]
[SourceQuality "1"]
[WhiteTeam "El Olivar III"]
[BlackTeam "Sabinanigo"]
[WhiteTeamCountry "ESP"]
[BlackTeamCountry "ESP"]

1. Nf3 d5 2. g3 Nf6 3. Bg2 b6 4. 0-0 Bb7 5. d3 Nbd7 6. Nbd2 e5 7. e4 dxe4 8. dxe4 Bc5 9. Qe2 0-0 10. Nh4 g6 11. Nb3 Be7 12. Rd1 c5 13. Nd2 Qc7 14. a4 a5 15. Nc4 Rad8 16. Bg5 Rfe8 17. Rd3 Nf8 18. Bxf6 Bxf6 19. Rad1 Rd4 20. Rxd4 cxd4 21. Na3 Rc8 22. Bh3 Rd8 23. Nf3 Qc6 24. Nd2 Qxa4 25. Qc4 Qc6 26. Qxc6 Bxc6 27. Bf1 Ne6 28. Nac4 Rb8 29. f3 a4 30. b3 b5 31. Na5 Bd7 32. Rb1 Ra8 33. b4 Bg5 34. Rd1 Be3+ 35. Kg2 Rc8 36. Bd3 Rc3 37. Nb1 Rc8 38. Na3 Rb8 39. h4 Nc7 40. Rb1 Bd2 41. c3 Bxc3 42. Nc2 Rb6 43. Na3 Na6 44. Nc2 Be6 45. f4 Ba2 46. Rc1 f6 47. fxe5 fxe5 48. Ne3 Nxb4 0-1

[Event "Zaragoza Primavera op 3rd"]
[Site "Zaragoza"]
[Date "2015.05.24"]
[Round "6"]
[White "Garcia Estruch, Jorge"]
[Black "Carruez Gracia, Eduardo"]
[Result "1-0"]
[WhiteElo "1819"]
[BlackElo "1736"]
[PlyCount "59"]
[EventDate "2015.04.12"]
[EventType "swiss"]
[EventRounds "9"]
[EventCountry "ESP"]
[SourceTitle "EXT 2016"]
[Source "ChessBase"]
[SourceDate "2015.10.08"]
[SourceVersion "1"]
[SourceVersionDate "2015.10.08"]
[SourceQuality "1"]

1. e4 e6 2. d4 d5 3. e5 c5 4. c3 Nc6 5. Nf3 Qb6 6. a3 Nh6 7. Be2 cxd4 8. 0-0 dxc3 9. Nxc3 a6 10. b4 Qc7 11. Bf4 Nf5 12. b5 Nce7 13. Rc1 Qb8 14. g4 Ng6 15. gxf5 Nxf4 16. bxa6 bxa6 17. Qa4+ Bd7 18. Qxf4 Bxa3 19. fxe6 fxe6 20. Rb1 Qc7 21. Rb3 Be7 22. Rfb1 a5 23. Nb5 Qd8 24. Nd6+ Bxd6 25. exd6 a4 26. Rb7 Rf8 27. Qd4 Qf6 28. Ne5 Rd8 29. Rxd7 Rxd7 30. Rb8+ 1-0

[Event "Aragon-ch Seniors"]
[Site "Zaragoza"]
[Date "2015.05.23"]
[Round "6"]
[White "Garcia Estruch, Jorge"]
[Black "Lorente Latorre, Antonio"]
[Result "1-0"]
[WhiteElo "1819"]
[BlackElo "1627"]
[PlyCount "97"]
[EventDate "2015.04.18"]
[EventType "swiss"]
[EventRounds "8"]
[EventCountry "ESP"]
[SourceTitle "EXT 2017"]
[Source "ChessBase"]
[SourceDate "2016.10.25"]
[SourceVersion "1"]
[SourceVersionDate "2016.10.25"]
[SourceQuality "1"]

1. e4 e5 2. Nf3 Nc6 3. Bc4 Bc5 4. b4 Bxb4 5. c3 Bc5 6. d4 exd4 7. 0-0 dxc3 8. Bxf7+ Kf8 9. Bb3 d6 10. Qd5 Qe8 11. Nxc3 Nf6 12. Qd1 Bg4 13. Ba4 Qh5 14. Bxc6 bxc6 15. Qd3 Bxf3 16. gxf3 Re8 17. Ne2 Qe5 18. Bf4 Qh5 19. Ng3 Qg6 20. Kh1 Nh5 21. Bd2 Nxg3+ 22. fxg3 Qe6 23. Bc3 Rg8 24. Qc2 Ke7 25. Rab1 Qh3 26. Rfe1 Kd7 27. Qd3 Re6 28. f4 Rh6 29. Rb2 Rb8 30. Rbe2 Bb4 31. Bxb4 Rxb4 32. Qc3 c5 33. Qxg7+ Kc6 34. Qc3 Rxe4 35. Qf3 d5 36. Qf2 Rxe2 37. Qxe2 Qh5 38. g4 Qh3 39. g5 Rh4 40. Qe8+ Kd6 41. Qe7+ Kc6 42. Qf6+ Kb5 43. Rb1+ Kc4 44. Qa6+ Kd4 45. Qf6+ Kc4 46. Rc1+ Kb5 47. a4+ Ka5 48. Rxc5+ Kxa4 49. Qd4+ 1-0

[Event "Zaragoza Primavera op 3rd"]
[Site "Zaragoza"]
[Date "2015.05.03"]
[Round "4"]
[White "Miranda Blasco, Fernando"]
[Black "Garcia Estruch, Jorge"]
[Result "0-1"]
[WhiteElo "1633"]
[BlackElo "1819"]
[PlyCount "96"]
[EventDate "2015.04.12"]
[EventType "swiss"]
[EventRounds "9"]
[EventCountry "ESP"]
[SourceTitle "EXT 2016"]
[Source "ChessBase"]
[SourceDate "2015.10.08"]
[SourceVersion "1"]
[SourceVersionDate "2015.10.08"]
[SourceQuality "1"]

1. e4 e5 2. Nf3 Nc6 3. Bc4 Nf6 4. Ng5 d5 5. exd5 Na5 6. Bb5+ c6 7. dxc6 bxc6 8. Be2 h6 9. Nf3 e4 10. Ne5 Qd4 11. f4 Bc5 12. Rf1 Qd6 13. c3 Bb6 14. d4 0-0 15. Be3 Nd5 16. Bf2 Nxf4 17. Rg1 f6 18. Nc4 Nxc4 19. Bxc4+ Be6 20. Bf1 Qe7 21. Be3 Nd5 22. Qe2 f5 23. Nd2 f4 24. Bxf4 Nxf4 25. Qxe4 Qf7 26. 0-0-0 c5 27. Nf3 Bd5 28. Qc2 cxd4 29. Nxd4 Ne6 30. Nxe6 Bxe6 31. Rh1 Be3+ 32. Kb1 Bxa2+ 33. Ka1 Bb3 34. Qe4 Qf4 35. Qxf4 Rxf4 36. Re1 Rd8 37. Bb5 Bb6 38. Re8+ Rxe8 39. Bxe8 Rf2 40. g3 Kf8 41. Bg6 Ke7 42. h4 Rg2 43. Re1+ Kf6 44. h5 Rxg3 45. Rf1+ Ke5 46. Kb1 Rg1 47. Rxg1 Bxg1 48. Kc1 Be3+ 0-1

[Event "Aragon-ch Seniors"]
[Site "Zaragoza"]
[Date "2015.04.18"]
[Round "1"]
[White "Codina Escudero, Juan"]
[Black "Garcia Estruch, Jorge"]
[Result "0-1"]
[WhiteElo "1451"]
[BlackElo "1819"]
[PlyCount "82"]
[EventDate "2015.04.18"]
[EventType "swiss"]
[EventRounds "8"]
[EventCountry "ESP"]
[SourceTitle "EXT 2017"]
[Source "ChessBase"]
[SourceDate "2016.10.25"]
[SourceVersion "1"]
[SourceVersionDate "2016.10.25"]
[SourceQuality "1"]

1. d4 Nf6 2. c4 g6 3. Nc3 Bg7 4. Bg5 h6 5. Bf4 d6 6. h3 0-0 7. e3 Nbd7 8. Nf3 Re8 9. Be2 b6 10. 0-0 Bb7 11. Rc1 e5 12. dxe5 dxe5 13. Bh2 Qe7 14. a3 a6 15. b4 a5 16. Qb3 c6 17. Rfd1 Ra7 18. Nd2 Rea8 19. b5 Nc5 20. Qb1 Nfd7 21. Bf3 cxb5 22. Nxb5 Bxf3 23. Nxf3 Rb7 24. Nd6 Rbb8 25. Nb5 a4 26. Nc7 Ra7 27. Nd5 Qe6 28. Qb5 Ra5 29. Qb2 Nb3 30. Rc2 Kh7 31. e4 Rc8 32. Qc3 f6 33. Nb4 Ndc5 34. Qe3 Ra7 35. Nd5 Rb7 36. Nd2 Nd4 37. Rb2 Ndb3 38. Nxb3 Nxb3 39. Qc3 b5 40. Qb4 Rxc4 41. Nc3 Rxb4 0-1

[Event "Zaragoza Primavera op 2nd"]
[Site "Zaragoza"]
[Date "2014.05.04"]
[Round "2"]
[White "Garcia Estruch, Jorge"]
[Black "Fernandez Sierra, Pedro Jose"]
[Result "0-1"]
[WhiteElo "1878"]
[BlackElo "1702"]
[PlyCount "88"]
[EventDate "2014.04.27"]
[EventType "swiss"]
[EventRounds "9"]
[EventCountry "ESP"]
[SourceTitle "CBM 160 Extra"]
[Source "ChessBase"]
[SourceDate "2014.07.01"]
[SourceVersion "1"]
[SourceVersionDate "2014.07.01"]
[SourceQuality "1"]

1. e4 e6 2. d4 d5 3. e5 c5 4. c3 Nc6 5. Nf3 cxd4 6. cxd4 Qb6 7. Nc3 Nge7 8. Bd3 Bd7 9. Bc2 Rc8 10. a3 Ng6 11. 0-0 Be7 12. Na4 Qc7 13. Bb1 b5 14. Nc3 a6 15. Be3 Na5 16. Nd2 0-0 17. Qh5 f6 18. Bxg6 hxg6 19. Qxg6 fxe5 20. Bh6 Bf6 21. Nf3 Be8 22. Qg4 Bf7 23. dxe5 Bxe5 24. Nxe5 Qxe5 25. f4 Qf6 26. Bg5 Qd4+ 27. Kh1 Nc4 28. Qh4 Nxb2 29. Ne2 Qe4 30. Ng3 Qh7 31. Qg4 Rc2 32. f5 Rc4 33. Qe2 exf5 34. Qxb2 Rg4 35. Bf4 g5 36. Bd6 f4 37. Bxf8 fxg3 38. Qg7+ Qxg7 39. Bxg7 Kxg7 40. h3 Rf4 41. Rxf4 gxf4 42. Rf1 d4 43. Rxf4 d3 44. Rd4 a5 0-1

[Event "Zaragoza Primavera op 2nd"]
[Site "Zaragoza"]
[Date "2014.04.27"]
[Round "1"]
[White "Escartin Lacasa, Jose"]
[Black "Garcia Estruch, Jorge"]
[Result "0-1"]
[WhiteElo "1333"]
[BlackElo "1878"]
[PlyCount "142"]
[EventDate "2014.04.27"]
[EventType "swiss"]
[EventRounds "9"]
[EventCountry "ESP"]
[SourceTitle "CBM 160 Extra"]
[Source "ChessBase"]
[SourceDate "2014.07.01"]
[SourceVersion "1"]
[SourceVersionDate "2014.07.01"]
[SourceQuality "1"]

1. d4 Nf6 2. Nf3 g6 3. c4 Bg7 4. Nc3 0-0 5. e4 d6 6. Bd3 c5 7. d5 e6 8. 0-0 Na6 9. a3 Nc7 10. Bf4 Nh5 11. Bd2 exd5 12. exd5 f5 13. Re1 h6 14. Qc2 g5 15. Kh1 g4 16. Ng1 Bd7 17. Nce2 Be5 18. f4 Bg7 19. g3 b5 20. b3 Bxa1 21. Rxa1 a5 22. cxb5 Nxb5 23. a4 Nd4 24. Nxd4 cxd4 25. Qc4 Qf6 26. Ne2 Rfc8 27. Qxd4 Rcb8 28. Rb1 Bc8 29. Bc3 Kf7 30. Qc4 Ba6 31. Qxa6 Rxa6 32. Bxf6 Rab6 33. Bc3 Rxb3 34. Rxb3 Rxb3 35. Bxf5 Nf6 36. Bxa5 Ra3 37. Bb4 Ra1+ 38. Kg2 Nxd5 39. Bxd6 Ne3+ 40. Kf2 Nxf5 41. Be5 Rxa4 42. Nc3 Rc4 43. Ke2 Rb4 44. Nd5 Ra4 45. Kf2 Ra2+ 46. Kg1 Kg6 47. Bc3 Rc2 48. Be5 Rd2 49. Nf6 h5 50. Ne4 Rc2 51. Nd6 Nxd6 52. Bxd6 Kf5 53. Bb4 Ke4 54. Be1 Kf3 55. f5 Rg2+ 56. Kh1 Re2 57. Bc3 Rc2 58. Bd4 Rc1+ 59. Bg1 Ke4 60. f6 Rc6 61. Kg2 Rxf6 62. h3 Ra6 63. hxg4 hxg4 64. Kh1 Kf3 65. Bh2 Kf2 66. Bg1+ Kxg3 67. Bh2+ Kf3 68. Bg1 Rh6+ 69. Bh2 g3 70. Kg1 Rxh2 71. Kf1 Rh1# 0-1

[Event "Alfaro op 20th"]
[Site "Alfaro"]
[Date "2014.02.14"]
[Round "2"]
[White "Martinez Bernardo, Aitor"]
[Black "Garcia Estruch, Jorge"]
[Result "0-1"]
[WhiteElo "1509"]
[BlackElo "1882"]
[PlyCount "50"]
[EventDate "2014.02.07"]
[EventType "swiss"]
[EventRounds "6"]
[EventCountry "ESP"]
[SourceTitle "EXT 2019"]
[Source "ChessBase"]
[SourceDate "2018.10.10"]
[SourceVersion "1"]
[SourceVersionDate "2018.10.10"]
[SourceQuality "1"]

1. d4 Nf6 2. Nf3 g6 3. c4 Bg7 4. Nc3 0-0 5. e4 d6 6. Bd3 e5 7. dxe5 dxe5 8. 0-0 Nc6 9. h3 Be6 10. Bg5 h6 11. Be3 Nh5 12. Be2 f5 13. Qc1 f4 14. Bd2 Qd7 15. Rd1 Bxh3 16. Kh2 Bxg2 17. Kxg2 Qg4+ 18. Kf1 Qh3+ 19. Kg1 Nd4 20. Nh2 Nxe2+ 21. Nxe2 f3 22. Nxf3 Qxf3 23. Re1 Qxf2+ 24. Kh1 Rf3 25. Ng1 Ng3# 0-1